| 000 | 00481nam a22001817a 4500 | ||
|---|---|---|---|
| 005 | 20230110132601.0 | ||
| 008 | 221220b |||||||| |||| 00| 0 eng d | ||
| 020 | _a978-1-260-46948-6 | ||
| 041 | _aeng | ||
| 082 | _a615 SCH-P | ||
| 100 |
_aSCHWING HAMMER , TERRY L. DIPIRO. ,JOSEPH T AND OTHERS . _97424 |
||
| 245 | _aPHARMACOTHERAPY HANDBOOK | ||
| 250 | _a11th ed. | ||
| 260 | _bM C GRAW HILL | ||
| 300 | _a1099;P. | ||
| 650 |
_aPHARMACY _xD.PHARMA _97090 |
||
| 942 | _cBK | ||
| 999 |
_c8162 _d8160 |
||